| 000 | 00591nam a2200157 a 4500 | ||
|---|---|---|---|
| 001 | 000047878 | ||
| 005 | 20250220104609.0 | ||
| 008 | 181001s2013 dr r 000 0 spa d | ||
| 040 |
_aDO-SdBNP _bspa _cBNPHU |
||
| 082 |
_axxxx _bR426inv |
||
| 110 | 1 |
_aRepública Dominicana. _bMinisterio de Defensa. _975436 |
|
| 245 | 1 | 0 |
_aInvestigaciones en derechos humanos : _bcompendio de monografías de la especialidad de derechos humanos y derecho internacional humanitario, promociones 2012-2015. |
| 260 |
_aSanto Domingo : _bINSUDE, _c2013. |
||
| 300 |
_av. ; _c23 cm. |
||
| 590 | _aInventariado, 2018/BT | ||
| 999 |
_c47366 _d47366 |
||